| 000 | 00680nam a2200217Ia 4500 | ||
|---|---|---|---|
| 003 | OSt | ||
| 005 | 20241010113140.0 | ||
| 008 | 210210b2012 xxu||||| |||| 00| 0 eng d | ||
| 040 | _cAL | ||
| 041 | _aKannada | ||
| 082 | _aK894.8 DIVD | ||
| 100 |
_aD V G Psued D V Gundappa _9109754 _dಗುಂಡಪ್ಪ (ಡಿ ವಿ ). |
||
| 245 |
_aD V G avara belebaluva barahagalu _b ಡಿ ವಿ ಜಿ ಅವರ ಬೆಲೆಬಾಳುವ ಬರಹಗಳು |
||
| 260 |
_aBengaluru _bVasanta Prakashana _c2012 |
||
| 300 | _axx,328 | ||
| 650 |
_aDiViJi _9109755 |
||
| 690 |
_aKannada Collections _9109756 |
||
| 700 |
_aR Ganesh Ed. _9182071 |
||
| 906 | _a067335 | ||
| 942 |
_2ddc _cBK |
||
| 999 |
_c149675 _d149675 |
||